000 00267nam a2200097Ia 4500
008 120527s9999 xx 000 0 und d
100 _aFED. MIN OF AGRIC &
245 _aAgricultural development in Nigeria 1973-1985
260 _bFed. Min. of Agric & Res
942 _cBK
999 _c25517
_d25517